|
|
|
|
| LEADER |
01487nam a2200337 4500 |
| 001 |
773 |
| 003 |
BD-DhAAL |
| 005 |
20150711101238.0 |
| 008 |
150711s1969 enkf 001 0 eng |
| 010 |
|
|
|a 78476959
|
| 015 |
|
|
|a B69-14641 (v. 2)
|
| 020 |
|
|
|a 0853152128 (v. 1)
|
| 020 |
|
|
|a 0853151946 (v. 2)
|
| 040 |
|
|
|a DLC
|c DLC
|d DLC
|d BD-DhAAL
|
| 050 |
0 |
0 |
|a HB203
|b .M318
|
| 082 |
0 |
0 |
|a 330.1/62
|
| 100 |
1 |
|
|a Marx, Karl,
|d 1818-1883.
|9 6301
|
| 240 |
1 |
0 |
|a Theorien über den Mehrwert.
|l English
|
| 245 |
1 |
0 |
|a Theories of surplus value
|c [by] Karl Marx; [edited by S. Ryazanskaya, translated by Renate Simpson]
|
| 260 |
|
|
|a London,
|a Moscow,
|b Lawrence & Wishart,
|b Progress Publishers,
|c 1969.
|
| 300 |
|
|
|a 2 v.
|b plates.
|c 23 cm.
|
| 500 |
|
|
|a Translation of Theorien über den Mehrwert.
|
| 500 |
|
|
|a Originally published, Moscow, Progress Publishers, 1963-1968.
|
| 541 |
|
|
|e 773
|
| 650 |
|
0 |
|a Surplus value
|x History.
|9 13069
|
| 650 |
|
0 |
|a Economics
|x History.
|9 10839
|
| 942 |
|
|
|2 ddc
|c BK
|
| 999 |
|
|
|c 35025
|d 35025
|
| 952 |
|
|
|0 0
|1 0
|2 ddc
|4 0
|6 330_162000000000000_MAR
|7 0
|9 54907
|a SCL
|b SCL
|c GEN
|d 2015-07-11
|l 1
|o 330.162 MAR
|p 3020000773
|r 2024-01-24
|s 2024-01-21
|t 1
|w 2015-07-11
|y BK
|
| 952 |
|
|
|0 0
|1 0
|2 ddc
|4 0
|6 330_100000000000000_62_MAR
|7 0
|9 56252
|a SCL
|b SCL
|c GEN
|d 2015-10-11
|l 0
|o 330.162 MAR
|p 3020000769
|r 2015-10-11
|t 2
|w 2015-10-11
|y BK
|
| 952 |
|
|
|0 0
|1 0
|2 ddc
|4 0
|6 330_100000000000000_62_MAR
|7 0
|9 56254
|a SCL
|b SCL
|c GEN
|d 2015-10-12
|l 1
|o 330.162 MAR
|p 3020000772
|r 2025-09-01
|s 2025-08-27
|t 3
|w 2015-10-12
|y BK
|